000 02028nam0a2200349 4500
001 RU\NLR\bibl\8074
005 20260407013748.0
010 _a5-279-01872-4
_93000
021 _aRU
_b98-8511
_9400
035 _a(NLR Aleph) 000007883
090 _a24733
_c24733
100 _a19981119d1997 |||y0rusy50 ca
101 1 _arus
_ceng
102 _aRU
105 _ay |||||||||
200 1 _aЭкологический учет для предприятий
_dEnvironmental accounting for enterprises
_e[Сб. докл.
_eПер. с англ.]
_fКонф. ООН по торговле и развитию, Межправитеств. рабочая группа экспертов по междунар. стандартам учета и отчетности
_zeng
210 _aМ.
_cФинансы и статистика
_d1997
215 _a198 с.
_cил.
_d28
320 _aБиблиогр.: с. 192
510 0 _aEnvironmental accounting for enterprises
_zeng
606 0 _aЭкологический учет
_jНормативные и руководящие материалы
_92086768
_3RU\NLR\auth\661262913
606 0 _aЭкологический учет
_jНормативные документы
_92086768
_3RU\NLR\auth\661262913
606 0 _aОкружающая среда
_jНормативные и руководящие материалы
_xОхрана
_xЭкологические исследования
_91783260
_3RU\NLR\auth\66801789
606 0 _aОкружающая среда
_jНормативные документы
_xОхрана
_xЭкологические исследования
_91783260
_3RU\NLR\auth\66801789
686 _aУ052.02-15я8
712 0 2 _4570
_aООН
_bКонференция по торговле и развитию
_bСессия
_f1991
_eЖенева
_3RU\NLR\AUTH\8810001861
_9500915
801 0 _aRU
_bNLR
_c19981119
_gPSBO
801 1 _aRU
_bNLR
_c19981119
852 _aNLR
_j98-8/343
942 _cBOOK
980 _aNB